| 000 | 00372pab a2200157 454500 | ||
|---|---|---|---|
| 008 | 180718b1999 xxu||||| |||| 00| 0 eng d | ||
| 100 | _aPhilipose, Susy | ||
| 245 | _aA review on manpower forecasting models | ||
| 260 | _c1999 | ||
| 300 | _ap.51-60 | ||
| 362 | _aJul-Sep | ||
| 650 | _aManpower | ||
| 700 | _aHegde, D.S. | ||
| 773 | _aManpower Journal | ||
| 909 | _a43358 | ||
| 999 |
_c43358 _d43358 |
||